Utah High Schools - Statistics

General Stats
  • This quiz has been taken 21 times
  • The average score is 44 of 118
Answer Stats
Answer % Correct
East
93%
West
93%
Ogden
87%
Orem
80%
Provo
80%
American Fork
73%
Corner Canyon
73%
Alta
67%
Herriman
67%
Lehi
67%
Bountiful
60%
Davis
60%
Hillcrest
60%
Logan
60%
Spanish Fork
60%
Tooele
60%
Cedar
53%
Farmington
53%
Granger
53%
Highland
53%
Lone Peak
53%
Murray
53%
Olympus
53%
Pleasant Grove
53%
Skyline
53%
Woods Cross
53%
Beaver
47%
Brighton
47%
Cyprus
47%
Kanab
47%
Kearns
47%
Layton
47%
Manti
47%
Park City
47%
Payson
47%
Stansbury
47%
Uintah
47%
West Jordan
47%
Bingham
40%
Box Elder
40%
Cottonwood
40%
Fremont
40%
Hurricane
40%
Jordan
40%
Riverton
40%
Roy
40%
Skyridge
40%
Sky View
40%
Springville
40%
Taylorsville
40%
Westlake
40%
Bear River
33%
Carbon
33%
Copper Hills
33%
Delta
33%
Desert Hills
33%
Dixie
33%
Hunter
33%
Morgan
33%
Mountain Ridge
33%
Pine View
33%
Salem Hills
33%
Syracuse
33%
Timpview
33%
Wasatch
33%
Weber
33%
Bonneville
27%
Canyon View
27%
Cedar Valley
27%
Crimson Cliffs
27%
Duchesne
27%
Enterprise
27%
Escalante
27%
Grand
27%
Grantsville
27%
Juab
27%
Maple Mountain
27%
Mountain View
27%
North Sevier
27%
North Summit
27%
Panguitch
27%
Parowan
27%
Rich
27%
San Juan
27%
Snow Canyon
27%
South Sevier
27%
South Summit
27%
Valley
27%
Altamont
20%
Ben Lomond
20%
Bryce Valley
20%
Clearfield
20%
Emery
20%
Green Canyon
20%
Green River
20%
Gunnison Valley
20%
Manila
20%
Monticello
20%
Monument Valley
20%
Northridge
20%
North Sanpete
20%
Piute
20%
Richfield
20%
Ridgeline
20%
Timpanogos
20%
Tintic
20%
Union
20%
Viewmont
20%
Water Canyon
20%
Wayne
20%
Wendover
20%
Milford
13%
Millard
13%
Mountain Crest
13%
Tabiona
13%
West Field
13%
Whitehorse
13%
Deseret Peak
7%
No matching quizzes found
Score Distribution
Percent of People with Each Score
Percentile by Number Answered
Your Score History
You have not taken this quiz